STRESS PROOF YOUR BUSINESS AND YOUR LIFE (Record no. 32870)

MARC details
000 -LEADER
fixed length control field 00258nam a2200109Ia 4500
008 - FIXED-LENGTH DATA ELEMENTS--GENERAL INFORMATION
fixed length control field 240625s9999 xx 000 0 und d
041 ## - LANGUAGE CODE
Language code of text/sound track or separate title eng
082 ## - DEWEY DECIMAL CLASSIFICATION NUMBER
Classification number 658 PIP
100 ## - MAIN ENTRY--PERSONAL NAME
Personal name PIPE STEVE
245 ## - TITLE STATEMENT
Title STRESS PROOF YOUR BUSINESS AND YOUR LIFE
365 ## - TRADE PRICE
Currency code RS
Price amount 5
Holdings
Withdrawn status Lost status Damaged status Not for loan Home library Current library Shelving location Date acquired Source of acquisition Cost, normal purchase price Full call number Barcode Date last seen Copy number Price effective from Koha item type
        IMTN IMTN Rack 22-B 09/30/2014 RW 299.00 658 PIP AB57 06/25/2024 1 06/25/2024 AB
Designed & Maintained by: LRC IMT Nagpur Contact: lrc@imtnag.ac.in© 2024. All Rights Reserved.